MARC

LEADER 00000nam0a2200000 4500
001 182443
005 20231101223705.0
010 |a 058285220X 
035 |a (RuTPU)RU\TPU\book\197778 
090 |a 182443 
100 |a 20100621d1996 m y0rusy50 ba 
101 0 |a eng 
102 |a GB 
105 |a a j 000zy 
200 1 |a Business Reading  |f G. Land 
210 |a [Б. м.]  |c Longman  |d 1996 
215 |a 88 p.  |c il. 
606 1 |a Английский язык  |x Учебные руководства и пособия  |x Пособия по развитию речи, разговорники  |2 stltpush  |3 (RuTPU)RU\TPU\subj\29074  |9 52486 
610 1 |a лексика 
610 1 |a грамматика 
610 1 |a разговорная речь 
610 1 |a деловой английский язык 
686 |a Ш143.21-923.4  |v LBC/SL-A  |2 rubbk 
700 1 |a Land  |b G.  |g Geoffrey 
801 1 |a RU  |b 63413507  |c 20100621 
801 2 |a RU  |b 63413507  |c 20200608  |g RCR 
942 |c BK